Caricamento...

Paranoid modernism : literary experiment, psychosis and the professionalization of english society

Dettagli Bibliografici
Autore principale: David Trotter
Natura: Printed Book
Pubblicazione: London Oxford University Press 2001
Soggetti:
LEADER 00730nam a22001931a 4500
020 |a 9780198187554  |c 0.00 
040 |a SSUS - Library - Kalady 
082 |a 823.009  |b DAV/P 
100 |a David Trotter 
245 |a Paranoid modernism : literary experiment, psychosis and the professionalization of english society  |h [Text] 
260 |a London  |b Oxford University Press  |c 2001 
300 |a 358p. 
600 |a Novel English Criticism 
600 |a Literature English 
600 |a Literature 
852 |h 823.009  |i DAV/P  |p 045924  |9 3052.00  |t 0 
942 |c BK 
999 |c 33475  |d 33475 
952 |0 0  |1 0  |4 0  |6 823_009000000000000_DAV_P  |7 0  |9 48587  |a SSUS  |b SSUS  |d 2015-01-08  |g 3052.00  |l 2  |o 823.009 DAV/P  |p 045924  |r 2018-02-14  |s 2018-02-01  |v 0.00  |w 2015-01-08  |y BK